Nazwij państwo które - Statystyki

Ogólne statystyki
  • Ten quiz został rozwiązany 630 razy
  • Średni wynik to 12 z 18
Statystyki odpowiedzi
Nazwij państwo które... Odpowiedź % Poprawnych
jest kompletnie otoczone przez inne państwo Lesotho | San Marino | Watykan
87%
leży na równiku Brazylia | Kolumbia | Demokratyczna Republika Konga | Ekwador | Gabon | Indonezja | Kenia | Wyspy Świętego Tomasza i Książęca | Somalia | Uganda
86%
graniczy z Morzem Czarnym Bułgaria | Gruzja | Rumunia | Rosja | Turcja | Ukraina
82%
graniczy tylko z Chinami i Indiami Bhutan | Nepal
81%
jest uważane przez USA za państwo sponsorujące terroryzm Iran | Korea Północna | Sudan | Syria
75%
graniczy z Morzem Czerwonym Dżibuti | Egipt | Erytrea | Izrael | Jordania | Arabia Saudyjska | Sudan | Jemen
74%
którego flaga ma tylko niebieski i żółty kolor Ukraina | Szwecja | Kazachstan | Palau
74%
którego średnia wysokość wynosi więcej niż 3000 metrów nad poziomem morza Bhutan | Nepal | Tadżykistan
69%
uprawia więcej niż 600,000 ton kawy Brazylia | Wietnam | Kolumbia | Indonezja
68%
którego flaga ma tylko biały i niebieski kolor Grecja | Finlandia | Mikronezja | Honduras | Izrael | Somalia
68%
jest uznawane przez JetPunk, ale nie przez ONZ Kosowo | Tajwan
64%
leży na wyspie Borneo Brunei | Indonezja | Malezja
63%
graniczy z Wybrzeżem Kości Słoniowiej Burkina Faso | Ghana | Gwinea | Liberia | Mali
62%
ma "ks" w nazwie Luksemburg | Meksyk | Wyspy Świętego Tomasza i Książęca
61%
ma średnio mniej niż 6 cm opadów rocznie Egipt | Libia | Arabia Saudyjska
58%
było byłą kolonią Holandii która uzyskała niepodległość Indonezja | Surinam
48%
ma stolicę której nazwa zaczyna się od "J" Kamerun | Wybrzeże Kości Słoniowej | Izrael
45%
którego populacja spadła o więcej niż 5% pomiędzy 2010, a 2019 Andora | Bośnia i Hercegowina | Chorwacja | Gruzja | Łotwa | Litwa | Syria
34%
Nie znaleziono quizów pasujących do podanych kryteriów
Rozkład punktacji
Procent ludzi z każdym wynikiem
Percentyl według liczby udzielonych odpowiedzi
Twoja historia wyników
Nie rozwiązałeś tego quizu